Premierzy Kanady - Statystyki

Ogólne statystyki
  • Ten quiz został rozwiązany 2 razy
  • Średni wynik to 3 z 24
Statystyki odpowiedzi
Okres sprawowania Partia Premier % Poprawnych
2015–2025 Liberalna Justin Trudeau
100%
1968–1979, 1980–1984 Liberalna Pierre Trudeau
100%
2025– Liberalna Mark Carney
50%
1873–1878 Liberalna Alexander Mackenzie
0%
1920–1921, 1926 Konserwatywna Arthur Meighen
0%
1984–1993 Konserwatywna Brian Mulroney
0%
1993–2003 Liberalna Jean Chrétien
0%
1979–1980 Konserwatywna Joe Clark
0%
1957–1963 Konserwatywna John Diefenbaker
0%
1984 Liberalna John Turner
0%
1993 Konserwatywna Kim Campbell
0%
1963–1968 Liberalna Lester B. Pearson
0%
1948–1957 Liberalna Louis St. Laurent
0%
1921–1926, 1926–1930, 1935–1948 Liberalna Mackenzie King
0%
2003–2006 Liberalna Paul Martin
0%
1930–1935 Konserwatywna R.B. Bennett
0%
1896 Konserwatywna Sir Charles Tupper
0%
1891–1892 Konserwatywna Sir John Abbott
0%
1867–1873, 1878–1891 Konserwatywna Sir John A. Macdonald
0%
1892–1894 Konserwatywna Sir John Thompson
0%
1894–1896 Konserwatywna Sir Mackenzie Bowell
0%
1911–1920 Konserwatywna Sir Robert Borden
0%
1896–1911 Liberalna Sir Wilfrid Laurier
0%
2006–2015 Konserwatywna Stephen Harper
0%
Nie znaleziono quizów pasujących do podanych kryteriów
Rozkład punktacji
Procent ludzi z każdym wynikiem
Percentyl według liczby udzielonych odpowiedzi
Twoja historia wyników
Nie rozwiązałeś tego quizu